Welcome to the official Sarawak Skills Library system. If you are a new user, please contact our librarian to register.

Schaum's Outline Of Theory & Problems Of Essential Computer Mathematics (Record no. 20578)

MARC details
000 -LEADER
fixed length control field 00478nam a2200157Ia 4500
008 - FIXED-LENGTH DATA ELEMENTS--GENERAL INFORMATION
fixed length control field 241217s9999||||xx |||||||||||||| ||und||
020 ## - INTERNATIONAL STANDARD BOOK NUMBER
International Standard Book Number 9780070991323
Terms of availability 30.3
040 ## - CATALOGING SOURCE
Language of cataloging eng
Transcribing agency SSK Library
Description conventions rda
082 ## - DEWEY DECIMAL CLASSIFICATION NUMBER
Classification number 004.0151 LIP
003 - CONTROL NUMBER IDENTIFIER
control field OSt
005 - DATE AND TIME OF LATEST TRANSACTION
control field 20241217112751.0
100 ## - MAIN ENTRY--PERSONAL NAME
Personal name Seymour Lipschutz
245 #0 - TITLE STATEMENT
Title Schaum's Outline Of Theory & Problems Of Essential Computer Mathematics
260 ## - PUBLICATION, DISTRIBUTION, ETC.
Name of publisher, distributor, etc. Mcgraw-Hill, Inc.
Date of publication, distribution, etc. ©1982
942 ## - ADDED ENTRY ELEMENTS (KOHA)
Source of classification or shelving scheme
Koha item type Book
Suppress in OPAC
Holdings
Withdrawn status Lost status Damaged status Not for loan Home library Current library Date acquired Cost, normal purchase price Total checkouts Full call number Barcode Date last seen Copy number Price effective from Koha item type
        Sarawak Skills Kuching Library Sarawak Skills Kuching Library 12/17/2024 30.30   004.0151 LIP 10076066 12/17/2024 10 12/17/2024 Book